| 000 | 00587nam a2200229Ia 4500 | ||
|---|---|---|---|
| 005 | 20250425162522.0 | ||
| 008 | 250425s9999 xx 000 0 und d | ||
| 041 | _aeng | ||
| 082 | _a332 | ||
| 100 | _aKOLT, ROBERT W | ||
| 245 | 0 | _aFINANCIAL INSTITUTIONS AND MARKETS: STUDENT RESOURCE MANUAL | |
| 250 | _aS.E. | ||
| 260 |
_aEstados Unidos _bKOLB PUBLISHING COMPANY _c1993 |
||
| 260 | _aMIAMI | ||
| 300 | _a393 | ||
| 650 | _aFINANZAS | ||
| 650 | _aINSTITUCIONES FINANCIERAS | ||
| 700 | _aMACINNES, HUGH | ||
| 700 | _aRODRIGUEZ, RICARDO J | ||
| 942 | _c01 | ||
| 010 | _a81326 | ||
| 999 |
_c230865 _d230865 |
||